00578nam a2200169 a 450000100100000000500170001000800410002702000180006804000250008608200190011110000280013024500890015825000330024726000370028030000210031750000700033800003279420240229073833.0110726s2012 dr 000 0 spa d a9789945006087 aDO-SdBNPbspacBNPHU a303.482aM878p1 aMorrison, Mateo,d1947-10aPolítica cultural en República Dominicana :breto inaplazable /cMateo Morrison. a2a. ed. Corregida y ampliada aSanto Domingo, :bBúho,c2012. a110 p. ;c22 cm. aIncluye datos biográficos del autor en la solapa de la cubierta